[Event "5th Nebesna Sotnya Blitz 2018"]
[Site "Lutsk"]
[Date "2018.02.16"]
[Round "5"]
[White "Gayun, Dmytro"]
[Black "Mirzoev, Emil"]
[Result "0-1"]
[WhiteElo "2263"]
[BlackElo "2405"]
[Annotator "TA"]
[PlyCount "71"]
[EventDate "2018.??.??"]
[EventType "swiss"]
[EventCountry "UKR"]
[SourceTitle "playchess.com"]
[Source "ChessBase"]
[SourceQuality "1"]

{[%evp 21,71,6,43,39,33,33,32,38,21,26,54,31,84,40,42,51,57,8,37,25,39,0,89,8,8,0,0,0,0,0,0,-20,0,0,0,-71,7,-163,0,-454,-279,-373,-382,-529,-529,-529,-529,-515,-514,-514,-512,-476]} 1. Nf3 Nf6 2. d4 d6 3. c4 g6 4. Nc3 Bf5 5. Nh4 Bd7 6. e4 e5 7. Nf3 {E61: King's Indian: Early deviations for White, including Smyslov System} (7. dxe5 dxe5 8. Nf3 Nc6 9. Be2 Bg7 10. O-O O-O 11. h3 Be6 12. Be3 Qxd1 13. Rfxd1 Rfd8 14. Nd5 Nxe4 15. Nxc7 Rac8 16. Nxe6 fxe6 17. Bd3 Nf6 18. Ng5 Nb4 19. Bf1 Nc2 20. Nxe6 Rxd1 21. Rxd1 Nxe3 22. fxe3 {½-½ (97) Li,C (2751)-Mamedov,R (2650) Huaian 2016}) 7... exd4 8. Nxd4 Bg7 9. f3 Nc6 10. Be3 O-O 11. Be2 Re8 {LiveBook: 5 Games} 12. O-O Nh5 13. Nxc6 bxc6 14. Qd2 {[#]} a5 $146 {[%cal Ba7a5,Ba5a4,Ba4a3][%mdl 32]} ({Find the theoretical novelty and annotate with similar games:} 14... Rb8) 15. Rad1 a4 16. c5 Bf8 (16... a3 $14) 17. Bc4 Be6 18. Bxe6 Rxe6 19. Qd4 a3 20. b3 Qb8 21. Qc4 Nf6 (21... d5 $1 $11 22. Qd3 Qb4) 22. cxd6 (22. Ne2 $16) 22... cxd6 $11 23. Qxc6 d5 $1 24. Qb5 {[#] Strongly threatening Qxb8.} dxe4 25. Qxb8 Rxb8 26. Bd4 exf3 27. Rxf3 Ne4 28. Re1 (28. Nxe4 $11 Rxe4 29. Re3 Rxd4 30. Rxd4) 28... Rbe8 (28... Rd8 $17 29. Rxe4 Rxe4 30. Nxe4 Rxd4) 29. Rfe3 $2 {[#]} (29. Nxe4 $11 Rxe4 30. Rfe3 Rxe3 31. Bxe3 (31. Rxe3 Rd8 $11)) 29... f5 $2 (29... Nxc3 $19 30. Rxe6 fxe6 31. Bxc3 Rc8) 30. Nd5 $2 {[%mdl 8192]} (30. Nxe4 $11 {and White stays safe.} fxe4 31. Kf2) 30... Rd8 31. Nf4 Rc6 32. Ne2 Rc2 {Black is clearly winning.} 33. Bb6 Rd6 34. Ba5 Rxa2 35. Nc3 Nxc3 36. Bxc3 {Precision: White = 28%, Black = 39%.} 0-1

[Event "5th Nebesna Sotnya Blitz 2018"]
[Site "Lutsk"]
[Date "2018.02.16"]
[Round "5"]
[White "Lymar, Vladislav"]
[Black "Simantsev, Mikhail"]
[Result "0-1"]
[WhiteElo "1986"]
[BlackElo "2486"]
[Annotator "TA"]
[PlyCount "170"]
[EventDate "2018.??.??"]
[EventType "swiss"]
[EventCountry "UKR"]
[SourceTitle "playchess.com"]
[Source "ChessBase"]
[SourceQuality "1"]

{[%evp 17,170,33,57,7,41,-8,0,0,0,-12,-22,-51,30,16,11,-1,0,-25,0,0,-7,-12,-3,-11,54,0,0,3,10,0,0,-16,-3,-3,-8,-6,-11,-15,-14,-87,-87,-87,-83,-79,-83,-108,-111,-119,-108,-96,-83,-78,-91,-152,-152,-196,-185,-145,-156,-187,-137,-225,-231,-263,-254,-250,-254,-285,-274,-235,-216,-229,-218,-243,-238,-274,-279,-230,-230,-512,-361,-371,-343,-558,-644,-996,-611,-1037,-1004,-902,-587,-2418,-2515,-1039,-1366,-29971,-29973,-29980,-29981,-29981,-29981,-29980,-29981,-29981,-29982,-29983,-29984,-29985,-29986,-29984,-29976,-29978,-29979,-29982,-29981,-29988,-29987,-29987,-29987,-29985,-29985,-29990,-29991,-29992,-29986,-29986,-29987,-29988,-29986,-29987,-29988,-29988,-29989,-29989,-29990,-29990,-29990,-29990,-29988,-29988,-29982,-29982,-29981,-29984,-29979,-29982,-29979,-29979,-29979,-29979,-29980,-29980,-29981,-29981,-29982]} 1. e4 c5 2. Nf3 e6 3. d4 cxd4 4. Nxd4 a6 5. Bd3 Bc5 6. Nb3 Be7 7. O-O d6 8. Be3 {B42: Sicilian: Kan Variation: 5 Bd3} (8. Qg4 g6 9. Qe2 Nd7 10. Na3 Ne5 11. f4 Nxd3 12. cxd3 Nf6 13. Be3 b5 14. Kh1 O-O 15. Rac1 e5 16. f5 gxf5 {1-0 (31) Navara,D (2740)-Gajewski,G (2601) Katowice 2017}) 8... Nd7 9. f4 Ngf6 {LiveBook: 8 Games} 10. N1d2 {White is slightly better.} Qc7 11. Nf3 $146 ({Predecessor:} 11. a4 b6 12. Qe2 O-O 13. g4 Nc5 14. Nxc5 bxc5 15. g5 Nd7 16. Rf3 {0-1 (39) Soukup,J (2265)-Kalod,R (2492) Czechia 2008}) 11... b6 12. Qe2 Bb7 13. Bf2 (13. e5 $5 dxe5 14. Nxe5 $11) 13... O-O 14. f5 Rfe8 (14... exf5 $15 15. exf5 Nc5) 15. fxe6 $11 fxe6 16. Nbd4 Nc5 {[%cal Rf6e4]} 17. Ng5 Bf8 18. b4 Nxd3 19. cxd3 Qd7 20. a3 b5 ({Better is} 20... e5 $11) 21. Rac1 (21. Qa2 $14) 21... e5 22. Nf5 h6 23. Nf3 d5 {[%cal Rd5e4]} 24. Ng3 dxe4 25. dxe4 Rac8 26. Rxc8 Qxc8 27. Rd1 Qc4 28. Qe1 (28. Qxc4+ $11 {keeps the balance.} bxc4 29. Rc1) 28... Nxe4 $17 ({Not} 28... Bxe4 $2 29. Nd2 $18) 29. Nxe4 Qxe4 ({But not} 29... Bxe4 $2 30. Nd2 $18) 30. Qxe4 Bxe4 31. Re1 Bxf3 $1 32. gxf3 {[%mdl 4096] Endgame KRB-KRB} Kf7 33. Rc1 Rd8 34. Rc7+ Ke6 35. Rc6+ (35. Ra7 $142) 35... Rd6 36. Rc8 Be7 37. Bc5 Rd1+ 38. Kg2 Bxc5 39. Rxc5 $19 {KR-KR} (39. bxc5 $17 Rd2+ 40. Kg3) 39... Kd6 40. Rc3 Rd2+ 41. Kg3 Ra2 42. Rd3+ Ke6 43. h4 g6 44. Rc3 Kf5 45. Re3 h5 46. Rc3 g5 47. hxg5 Kxg5 48. Re3 $2 {[#]} (48. f4+ exf4+ 49. Kf3) 48... Kf5 49. Rd3 Ra1 50. Kf2 $2 (50. Rc3) 50... Kf4 51. Rc3 Ra2+ 52. Kg1 h4 53. Rc6 Rxa3 54. Rf6+ Kg3 {[%cal Ra3a1] [#]} 55. Rg6+ Kxf3 56. Kh2 e4 {Black mates.} 57. Rf6+ Ke2 58. Kg2 e3 59. Rd6 Ra4 60. Rd4 a5 61. Rd5 Rxb4 62. Rd6 Rg4+ 63. Kh3 Rg8 64. Rd5 Rb8 65. Kg2 h3+ 66. Kh1 Rb7 67. Rc5 a4 68. Rc2+ Kd3 69. Ra2 e2 70. Ra3+ Kc4 71. Re3 b4 {[%cal Bb5b4,Bb4b3][%mdl 32]} 72. Rxe2 a3 73. Re4+ Kd3 74. Re5 a2 {[%cal Ba3a2,Ba2a1,Ba1g1][%mdl 32]} 75. Ra5 b3 76. Kh2 Kc2 77. Kg3 Rb5 78. Rxb5 a1=R {KR-KR} 79. Rc5+ Kb2 80. Kxh3 Rg1 81. Kh2 Rg8 82. Kh3 Ka2 83. Ra5+ Kb1 84. Rb5 b2 85. Rb7 Ra8 {Precision: White = 40%, Black = 57%.} 0-1

[Event "5th Nebesna Sotnya Blitz 2018"]
[Site "Lutsk"]
[Date "2018.02.16"]
[Round "6"]
[White "Bernadskiy, Vitaliy"]
[Black "Terletsky, Oleg"]
[Result "1-0"]
[WhiteElo "2588"]
[BlackElo "2406"]
[Annotator "TA"]
[PlyCount "67"]
[EventDate "2018.??.??"]
[EventType "swiss"]
[EventCountry "UKR"]
[SourceTitle "playchess.com"]
[Source "ChessBase"]
[SourceQuality "1"]

{[%evp 17,67,38,50,39,24,24,38,31,45,40,64,59,55,61,114,67,103,85,86,83,82,81,81,69,59,16,62,47,48,45,50,37,81,45,51,54,135,145,142,131,129,115,159,136,135,125,187,152,705,754,693,676]} 1. Nf3 Nf6 2. g3 g6 3. b3 Bg7 4. Bb2 O-O 5. Bg2 d6 6. d4 Nbd7 7. O-O e5 8. dxe5 Ng4 9. Nc3 Ngxe5 {LiveBook: 15 Partien} 10. Qd2 {A49: Königsindisch (ohne c2-c4)} (10. Qc1 Nxf3+ 11. Bxf3 Ne5 12. Bg2 h5 13. h3 Bd7 14. e4 Qc8 15. Nd5 Qd8 16. f4 Nc6 17. Bxg7 Kxg7 {1-0 (35) Dubov,D (2629)-Olszewski,M (2551) Warsaw 2013}) 10... Nxf3+ 11. Bxf3 Nb6 $146 ({Vorgänger:} 11... Ne5 12. Bg2 c6 13. Nd1 d5 14. Kh1 Be6 15. f4 Ng4 16. Bxg7 Kxg7 17. Nf2 Nxf2+ 18. Rxf2 {0-1 (59) Docenko,F (2109)-Fuzik,N Kiev 2002}) 12. a4 {Weiß steht etwas besser.} a5 13. Rad1 Qf6 14. Ba1 {[#] Droht Sd5 und aus.} Qe7 15. Rfe1 h5 (15... Rd8 $14) 16. e4 h4 17. Nd5 Nxd5 18. exd5 Qd8 19. Bxg7 Kxg7 20. Qd4+ Qf6 21. Re7 hxg3 22. hxg3 Bf5 23. Rxc7 Rac8 24. Rxb7 Rxc2 25. Qxf6+ Kxf6 26. Rb6 $36 {[%mdl 2048] Weiss kämpft um Vorteil.} Ke5 ({Günstiger ist} 26... Rd8 $14) 27. Re1+ $16 Kd4 28. Rxd6 Rc3 29. Kg2 Rxb3 30. g4 Bd3 31. Rf6 Rb4 (31... g5 $16 32. Rd1 Rb1) 32. Re3 {[#] zielt auf Tf4+ ab.} Bc2 $2 (32... g5 $16 33. Re7 Rd8 34. Rexf7 (34. Rfxf7 Rxa4 35. Rg7 Ra1 $16) 34... Rxa4) 33. Rf4+ $18 Kc5 34. Rc3+ {Precision: Weiß = 60%, Schwarz = 31%.} 1-0

[Event "5th Nebesna Sotnya Blitz 2018"]
[Site "Lutsk"]
[Date "2018.02.16"]
[Round "6"]
[White "Bogdanovich, Stanislav"]
[Black "Matviishen, Viktor"]
[Result "1-0"]
[WhiteElo "2560"]
[BlackElo "2439"]
[Annotator "TA"]
[PlyCount "144"]
[EventDate "2018.??.??"]
[EventType "swiss"]
[EventCountry "UKR"]
[SourceTitle "playchess.com"]
[Source "ChessBase"]
[SourceQuality "1"]

{[%evp 17,144,11,21,-5,9,6,33,20,39,41,43,25,31,18,35,32,26,37,87,71,71,54,53,54,53,46,54,52,56,61,112,99,122,106,167,164,231,142,144,135,253,217,224,204,272,209,236,225,235,139,165,134,140,129,159,158,189,187,162,102,104,100,113,108,109,108,122,106,111,0,110,122,125,104,113,111,108,97,99,98,106,95,93,93,95,0,96,0,0,0,94,25,104,104,276,282,238,146,158,0,243,0,154,137,148,135,127,3,122,79,79,64,63,56,202,60,159,137,271,274,485,470,416,379,410,399,472,467,12843]} 1. d4 Nf6 2. c4 e6 3. Nf3 b6 4. g3 Ba6 5. Qa4 Bb7 6. Bg2 c5 7. dxc5 Bxc5 8. O-O O-O 9. Nc3 Qc8 {LiveBook: 17 Games. E15: Queen's Indian: 4 g3 sidelines, 4 g3 Ba6 and 4 g3 Bb7 early deviations} 10. Qc2 $146 ({Predecessor:} 10. Bf4 Nh5 11. Bd2 f5 12. b4 Be7 13. Qb3 Nc6 14. a3 Bf6 15. Rac1 Ne5 16. Nb5 Nf7 17. Be3 {½-½ (60) Atalik,S (2606)-Atalik,E (2453) Chalkidiki 2012}) 10... Nc6 11. Bg5 Be7 {The position is equal.} 12. Rfd1 h6 13. Bxf6 Bxf6 14. Ne4 Be7 15. Nd6 Bxd6 16. Rxd6 Na5 17. b3 Bc6 18. Rad1 $36 {[%mdl 2048] White is really pushing.} Nb7 19. R6d4 d6 20. Qc3 e5 21. R4d2 Qc7 22. Nh4 {[%cal Bf3h4,Bh4g2,Bg2e3,Be3f5][%mdl 32]} Bxg2 23. Nxg2 Rfd8 (23... f5 $14) 24. Ne3 Nc5 25. Qc2 Ne6 (25... Rd7 $16 {was worth a try.}) 26. Nf5 $18 b5 (26... Rd7 $142 27. Rxd6 Rxd6 28. Rxd6 Rd8) 27. Nxd6 ({Resist} 27. Rxd6 $6 bxc4 28. Qxc4 (28. bxc4 Rxd6 29. Rxd6 Nd4 $16) 28... Qxc4 $16) 27... bxc4 28. Qxc4 Qb6 (28... Qxc4 $16 29. Nxc4 f6) 29. Nf5 Rxd2 30. Rxd2 Rd8 31. Rd5 Rxd5 32. Qxd5 Qc7 33. Qd2 (33. h4 $18) 33... Kh7 34. Ne3 Qc6 35. Nc4 Ng5 {( -> ...Nh3+)} 36. f3 e4 37. h4 Ne6 38. Kf2 ({Better is} 38. Qd6 $18 Qxd6 39. Nxd6) 38... exf3 $16 39. exf3 Qc5+ 40. Qe3 Qc7 41. Qe4+ Kg8 42. Qa8+ Kh7 43. Qe4+ Kg8 44. Qd5 Kh7 45. Qd3+ Kg8 46. Qd6 Qb7 47. Ne3 Qc8 48. Qd2 Qc5 49. Qc2 Qd4 50. Qc8+ Kh7 51. Qc2+ (51. Qc4 {seems wilder.} Qa1 52. Qc2+ Kg8 53. Qd2 g6 54. Nd5) 51... Kg8 52. Ke2 (52. Qd1 $16) 52... Qe5 $11 {White must now prevent ...Nd4+.} 53. Kf2 (53. Qc8+ $11 Kh7 54. Qc2+ Kg8 55. Kf2) 53... Qd4 $16 54. f4 (54. Qc4 $16) 54... Nc5 (54... g5 $11) 55. Kf3 Nd3 $2 (55... Ne6 $16) 56. Qc8+ $18 Kh7 57. Qf5+ Kg8 58. Qc8+ (58. Qd5 $16 Qc3 59. Qc4) 58... Kh7 {intending ...Ne1+.} 59. Qf5+ Kg8 60. Qd5 Qc3 61. Qa8+ Kh7 62. Qxa7 (62. Qe4+ $16 Kh8 63. Qc4) 62... Ne1+ (62... Qd2 $1 $11 {keeps the balance.} 63. Ke4 Nf2+ 64. Kf3 Nd3) 63. Ke2 $1 $16 Nc2 64. Nxc2 (64. Nf5 {looks sharper.} Kg6 65. g4 h5 66. Qg1 hxg4 67. Qxg4+ Kh7 68. Qh5+) 64... Qxc2+ {[%mdl 4096] Endgame KQ-KQ} 65. Kf3 {aiming for Qf2.} Qd1+ (65... Qc6+ $1 $14 66. Ke3 Qc3+ 67. Ke4 Qxg3) 66. Ke4 ({White has to play} 66. Kg2 $1 $18) 66... Qh1+ {[#]} ({Black should play} 66... f5+ $14 67. Ke5 Qe1+ 68. Kxf5 Qxg3) 67. Kd3 $1 Qf3+ (67... Qf1+ $16 68. Kc3 Qe1+ 69. Kc4 Qe2+ 70. Kb4 f6) 68. Qe3 $18 Qd5+ $2 (68... Qd1+ 69. Qd2 Qf3+ 70. Kc4 Qc6+ 71. Kd4 Qf6+ 72. Kd3 Qa6+ 73. Ke3 Qa3) 69. Kc3 {And now Qd3+ would win.} Qc6+ 70. Kd2 Qg2+ {[#]} 71. Qe2 $1 {[%cal Re2g2]} Qa8 72. a4 Qd5+ {Precision: White = 44%, Black = 33%.} (72... Qc6 $142 73. a5 Qc5 74. Qd3+ g6) 1-0

[Event "5th Nebesna Sotnya Blitz 2018"]
[Site "Lutsk"]
[Date "2018.02.16"]
[Round "6"]
[White "Simantsev, Mikhail"]
[Black "Khaetsky, Roman"]
[Result "1-0"]
[WhiteElo "2486"]
[BlackElo "2381"]
[Annotator "TA"]
[PlyCount "71"]
[EventDate "2018.??.??"]
[EventType "swiss"]
[EventCountry "UKR"]
[SourceTitle "playchess.com"]
[Source "ChessBase"]
[SourceQuality "1"]

{[%evp 19,71,32,37,29,17,-31,-36,-44,-4,-21,27,33,26,31,35,34,46,52,82,28,73,60,97,97,88,75,81,90,94,67,127,139,200,199,199,196,259,128,183,107,435,252,525,514,496,347,454,247,525,530,788,775,877,874]} 1. d4 f5 2. c4 Nf6 3. Nc3 d6 4. Nf3 g6 5. g3 Bg7 6. Bg2 O-O 7. O-O Qe8 8. d5 a5 9. Rb1 Na6 10. Be3 {A87: Dutch Defence: Leningrad System: 5 Nf3} Bd7 {LiveBook: 5 Games} 11. a3 a4 12. Nd4 {The position is equal.} Ng4 13. Bf4 {[#]} Ne5 $146 ({Find the theoretical novelty and annotate with similar games:} 13... Nc5 14. e4 Ne5 15. exf5 gxf5 16. Ncb5 Rc8 17. b4 axb3 18. Bxe5 Bxe5 19. Nxb3 {1-0 (26) Nikolic,P (2625)-Vyzmanavin,A (2580) Tilburg 1992}) 14. Bxe5 Bxe5 15. f4 Bg7 16. e4 $36 {[%mdl 2048] White has good play.} Nc5 17. exf5 Bxd4+ 18. Qxd4 Bxf5 19. Rbd1 (19. Rbe1 $16) 19... Bc2 20. Rde1 Qf7 21. Nb5 Rac8 22. Re3 Bf5 23. Rfe1 Rfe8 24. Nc3 c6 (24... Bg4 $14) 25. Qd1 $16 cxd5 (25... Bd7 $16 {is a better defense.} 26. Nxa4 Nxa4) 26. Bxd5 ({Much less strong is} 26. Qxd5 $6 e6 $16) 26... e6 27. Bg2 h5 {[#]} (27... Rf8 $142 28. Rf1 (28. Nxa4 Nxa4 29. Qxa4 Qg7 $16) (28. Qxd6 Rfd8 $14) 28... g5 29. fxg5 (29. Qxd6 Rfd8 $14) 29... Qg6) 28. Nxa4 (28. Qxd6 Red8 $16) (28. h3 $1 $18) 28... Qc7 {[#]} (28... Bg4 $16 {was necessary.} 29. Bf3 Nxa4 30. Qxa4 Bxf3) 29. Nc3 (29. Nxc5 $1 $18 dxc5 30. Qe2) 29... Rcd8 $2 {[%mdl 8192]} (29... Qb6 $16) 30. h3 (30. b4 $142) 30... e5 $2 (30... Qb6 {was called for.} 31. g4 hxg4) 31. Nd5 $18 Qg7 32. fxe5 dxe5 33. Kh2 (33. g4 $142 hxg4 34. hxg4) 33... Be6 $2 (33... Nd7 {keeps fighting.} 34. b4 Rf8) 34. b4 {White is clearly winning.} Bxd5 35. Bxd5+ ({Weaker is} 35. cxd5 Nd7 $18) 35... Ne6 36. Rxe5 {Precision: White = 41%, Black = 26%.} 1-0

[Event "5th Nebesna Sotnya Blitz 2018"]
[Site "Lutsk"]
[Date "2018.02.16"]
[Round "6"]
[White "Bortnyk, Mykola"]
[Black "Sergeev, Vladimir"]
[Result "1-0"]
[WhiteElo "2432"]
[BlackElo "2414"]
[Annotator "TA"]
[PlyCount "90"]
[EventDate "2018.??.??"]
[EventType "swiss"]
[EventCountry "UKR"]
[SourceTitle "playchess.com"]
[Source "ChessBase"]
[SourceQuality "1"]

{[%evp 14,90,74,56,87,67,83,47,61,22,33,11,107,-3,96,104,372,370,376,385,352,192,266,202,290,110,128,68,62,0,0,-14,170,164,166,144,164,149,292,272,270,248,258,173,173,121,185,174,264,77,248,242,219,164,217,88,897,906,1203,1204,1179,1143,1471,1447,1206,1312,2393,2445,2462,2534,29982,29982,29978,5795,29996,29997,29997,29998,29999]} 1. e4 d5 2. exd5 Qxd5 3. Nc3 Qd6 4. d4 Nf6 5. Bd3 c6 (5... Nc6 6. Nge2 Bg4 7. f3 Bh5 8. Bf4 Qd7 9. Ne4 Nxe4 10. Bxe4 e6 11. O-O Rd8 12. c3 Bd6 13. Bxd6 Qxd6 {1-0 (41) Miton,K (2603)-Wojtaszek,R (2716) Poznan 2014}) 6. Nge2 {B01: Scandinavian Defence} Bg4 7. f3 Bh5 8. Bf4 {LiveBook: 21 Games. White is better.} Qb4 9. a3 Qa5 $146 ({Predecessor:} 9... Qb6 10. Na4 Qa5+ 11. b4 Qd8 12. g4 Bg6 13. Qd2 Bxd3 14. Qxd3 {0-1 (67) Tay,Z-Asman,N (1698) Penang 2013}) 10. b4 Qd8 11. b5 e6 12. O-O c5 (12... Be7 $11 {keeps the balance.}) 13. Ne4 (13. d5 $1 $16) 13... Nd5 (13... cxd4 $11 {remains equal.} 14. Be5 Nbd7 15. Nxf6+ (15. Bxd4 Bg6 $11) 15... Nxf6) 14. Bg5 $16 Qc7 $2 {[%mdl 8192]} (14... Be7 $16) 15. c4 $18 Nb6 16. Bf4 Qc8 17. Bd6 (17. a4 $142) 17... N8d7 (17... Bg6 $142) 18. a4 a5 (18... f5 $142) 19. Kh1 $2 (19. N2g3 $18 Bg6 20. Be2) 19... Bg6 $16 {Strongly threatening ...Bxe4.} 20. dxc5 (20. N2g3 $1 $16) 20... Nxc5 21. Nxc5 (21. N2g3 $14) 21... Bxd6 $11 22. Nxb7 Qxb7 $2 (22... Bxh2 $1 $11 23. Kxh2 Qxb7) 23. Bxg6 $18 Qc7 24. Be4 {Hoping for Bc6+.} Rd8 25. Bc6+ $1 Ke7 (25... Nd7 $16 {keeps fighting.}) 26. Qc1 Nd7 27. Qg5+ Kf8 28. Rfd1 Nc5 29. Nd4 ({White should play} 29. Rab1 $18) 29... h6 {[#]} (29... Be5 $16 {is a better defense.}) 30. Qe3 $1 g6 {[#]} (30... Kg8 $142 31. g3 h5) 31. Rab1 $2 (31. Be4 $1 $18 {is the precise move to win.}) 31... Kg7 $2 (31... Bxh2 $16 {was called for.} 32. Nf5 gxf5 33. Qxc5+ Kg7) 32. b6 Qb8 33. b7 $40 {[%mdl 128] White wants a kill.} Kh7 (33... Bxh2 $142 34. Rb5 Bd6) 34. Nb5 (34. g3 $18) 34... Bf4 $2 {[%mdl 8192]} (34... Be7 $16) 35. Qxc5 Bxh2 36. Rxd8 Rxd8 37. Qe7 Kg8 38. Qxd8+ Qxd8 39. Kxh2 Qb8+ 40. Kh1 Kg7 {[#]} 41. Nc7 $1 {[%mdl 512]} Qxc7 42. b8=Q Qxc6 43. Qe5+ (43. Qb2+ $142 f6 44. Qb5 Qc7 45. Qa6 Kf8 46. Qa8+ Ke7 47. Rb7 Kd6 48. Rxc7) 43... Kh7 44. Rb8 {[%csl Gb8][%cal Re5h8]} g5 45. Qf6 {[%cal Rf6f7]} Qd6 {Precision: White = 31%, Black = 20%.} 1-0

[Event "5th Nebesna Sotnya Blitz 2018"]
[Site "Lutsk"]
[Date "2018.02.16"]
[Round "6"]
[White "Mikhaletz, Lubomir"]
[Black "Golubka, Petro"]
[Result "1/2-1/2"]
[WhiteElo "2416"]
[BlackElo "2503"]
[Annotator "TA"]
[PlyCount "78"]
[EventDate "2018.??.??"]
[EventType "swiss"]
[EventCountry "UKR"]
[SourceTitle "playchess.com"]
[Source "ChessBase"]
[SourceQuality "1"]

{[%evp 14,78,0,0,31,-25,0,-16,8,8,27,17,14,8,26,13,12,15,0,4,47,48,117,90,90,97,81,-29994,-1381,-29992,-740,-707,27,24,18,41,119,-153,-160,-162,-158,-250,0,-325,-312,-468,-467,-498,-492,-476,-473,-464,-460,-449,-411,-395,-395,-375,-367,-29999,-1273,-2170,-287,-1050,0,0,0]} 1. c4 c6 2. g3 d5 3. Bg2 Nf6 4. Nf3 g6 5. O-O Bg7 6. d3 O-O 7. Nc3 dxc4 8. dxc4 {LiveBook: 5 Games} Be6 {A16: English Opening: 1...Nf6 with ...d5} (8... Qxd1 9. Rxd1 Be6 10. Nd2 Nfd7 11. Nd5 Na6 12. Nf4 Ndc5 13. Nxe6 Nxe6 14. Rb1 Rfd8 15. b4 Rd7 16. Be4 Rad8 17. Bd3 {1-0 (44) Drazic,S (2511)-Dekic,J (2297) Kac 2012}) 9. Nd2 (9. Qb3 $14) 9... Nbd7 $11 10. b3 Ng4 $146 ({Predecessor:} 10... Nc5 11. Bb2 Bh6 12. Nde4 Ncxe4 13. Nxe4 Nxe4 14. Bxe4 Qc7 15. Qc2 Rad8 16. Rfd1 Rxd1+ 17. Rxd1 {1-0 (92) Howell,O (116)-Bradley,W (76) Aberystwyth 2014}) 11. Bb2 Qa5 12. Qc2 Rad8 13. Rad1 Qh5 {[%csl Gg4][%cal Rh5h2]} 14. Nf3 Nde5 {( -> ...Nxf3+)} 15. h3 Nxf3+ 16. exf3 Ne5 17. g4 Qh4 (17... Qh6 $14) 18. f4 Bxg4 19. Rxd8 ({Reject} 19. fxe5 Bxd1 20. Nxd1 Qf4 $11) 19... Nf3+ 20. Kh1 $2 {[%mdl 8192]} (20. Bxf3 $16 Bxf3 21. Rd3 (21. Rxf8+ $2 Bxf8 22. Qd1 Qxh3 $19) 21... Qxh3 22. Rxf3 Qxf3 23. Ne2) 20... Rxd8 (20... Bxh3 $142 21. Bxf3 Bg4+ 22. Kg2 Qh3+ 23. Kg1 Bxf3 24. Rxf8+ Kxf8 25. Ne4 Qh1#) 21. Rd1 {[#]} Rxd1+ (21... Bxh3 $142 $1 {[%mdl 512]} 22. Rxd8+ Bf8 23. Bxf3 Bg4+ 24. Kg2 Qh3+ 25. Kg1 Bxf3 26. Qxg6+ fxg6 27. Rxf8+ Kxf8 28. c5 Qh1#) 22. Qxd1 $19 Ne5 $2 ({Black should try} 22... Bd4 $19 23. Ne4 Bxb2) 23. Qd8+ $11 Bf8 24. fxe5 Bxh3 (24... Qxf2 $14 25. hxg4 Qxb2) 25. Ne2 $2 {[%mdl 8192]} (25. Nd1 $16 {keeps the pressure on.}) 25... Bg4+ $40 {[%mdl 128] Black is out for blood.} 26. Kg1 {Hoping for Ng3.} Bxe2 27. Ba3 (27. Bc1 $17 {keeps fighting.}) 27... h5 $2 ({Black should play} 27... Qg5 $19 {Threatens to win with ...Bf3.} 28. f4 Qh4) 28. e6 $2 {[%mdl 8192]} (28. Bc1 $1 $11 {and White is okay.} g5 29. Ba3) 28... fxe6 $19 29. Qd7 (29. Bc5 $142) 29... Qg4 {Strongly threatening ...Bf3.} 30. Kh1 Bf3 31. Bxf3 Qxf3+ 32. Kg1 Qg4+ 33. Kf1 h4 34. Bxe7 Bxe7 35. Qxe7 {KQ-KQ} h3 {[%cal Rg4d1]} 36. Qxb7 $2 {[#]} (36. Ke1 $19) 36... Qg2+ (36... Qd1# $142) 37. Ke1 Qe4+ $2 (37... h2 38. Qa8+ Kg7 39. Qxa7+ Kf6 40. Qd4+ Kf5 41. Qc5+ e5 42. Qf8+ Ke4) 38. Kd2 $2 (38. Kf1) 38... h2 $2 (38... Qf4+ $19 39. Ke2 h2 40. Qxc6 Qe5+ 41. Kd2 Qb2+ 42. Ke3 Qc1+ 43. Kd3 h1=Q 44. Qxe6+ Kh7 45. Qe7+ Kh6 46. Qf8+ Kh5 47. Qh8+ Qh6 48. Qxh6+ Kxh6) 39. Qb8+ $11 Kf7 {Precision: White = 20%, Black = 36%.} 1/2-1/2

[Event "5th Nebesna Sotnya Blitz 2018"]
[Site "Lutsk"]
[Date "2018.02.16"]
[Round "6"]
[White "Mirzoev, Emil"]
[Black "Budnikov, Oleg"]
[Result "1-0"]
[WhiteElo "2405"]
[BlackElo "2422"]
[Annotator "TA"]
[PlyCount "42"]
[EventDate "2018.??.??"]
[EventType "swiss"]
[EventCountry "UKR"]
[SourceTitle "playchess.com"]
[Source "ChessBase"]
[SourceQuality "1"]

{[%evp 23,42,0,0,0,20,0,0,-25,0,-32,14,15,40,0,35,36,43,45,54,14,52]} 1. d4 Nf6 2. Bf4 d6 3. e3 Nbd7 4. Nf3 g6 5. h3 Bg7 6. Be2 O-O 7. O-O e6 8. Bh2 {A48: 1 d4 Nf6 2 Nf3 g6: Torre, London and Colle Systems} Qe7 9. c3 b6 10. Nbd2 Bb7 11. a4 a6 12. b4 e5 {LiveBook: 7 Games} 13. Qb3 Rfe8 (13... Kh8 14. Rfd1 Nh5 15. dxe5 dxe5 16. a5 f5 17. axb6 Nxb6 {1-0 (53) Almasi,Z (2696)-Can,E (2578) Reykjavik 2017}) 14. dxe5 $146 Nxe5 15. Rac1 Rad8 16. c4 Bxf3 17. Nxf3 Ne4 {With the idea ...Nxf3+.} 18. Rfd1 (18. Bxe5 $5 Bxe5 19. Rfd1 $11) 18... Ra8 19. Nd2 Nxd2 20. Rxd2 a5 21. b5 (21. c5 $5) 21... Bh6 1-0